[Event "RSA-ch U12 Girls"]
[Site "Gauteng"]
[Date "2017.04.10"]
[Round "10"]
[White "Van Zyl, Juane"]
[Black "Weideman, Kayleigh"]
[Result "1-0"]
[WhiteElo "976"]
[BlackElo "977"]
[PlyCount "63"]
[EventDate "2017.04.05"]
[EventType "swiss"]
[EventRounds "11"]
[EventCountry "RSA"]
[SourceTitle "CBM 177 Extra"]
[Source "ChessBase"]
[SourceDate "2017.04.27"]
[SourceVersion "1"]
[SourceVersionDate "2017.04.27"]
[SourceQuality "1"]

1. Nf3 d5 2. Nc3 e6 3. g3 c6 4. Bg2 Bd6 5. 0-0 f5 6. d3 Nf6 7. a3 0-0 8. Bd2 Qe8 9. Ne1 Qh5 10. Nf3 Nbd7 11. h3 Qg6 12. Rb1 Bc5 13. d4 Bd6 14. e3 Ne4 15. Nxe4 fxe4 16. Nh4 Qf7 17. Bb4 c5 18. dxc5 Nxc5 19. Bxc5 Bxc5 20. b4 Be7 21. f3 Qe8 22. fxe4 dxe4 23. Rxf8+ Qxf8 24. Bxe4 Bxh4 25. Qh5 g6 26. Qxh4 Rb8 27. Rf1 Qg7 28. Qf4 e5 29. Bd5+ Kh8 30. Qf6 Qxf6 31. Rxf6 Kg7 32. Rd6 1-0

[Event "RSA-ch U12 Girls"]
[Site "Gauteng"]
[Date "2017.04.09"]
[Round "8"]
[White "Yacoob, Ameera Nazley"]
[Black "Weideman, Kayleigh"]
[Result "1-0"]
[WhiteElo "980"]
[BlackElo "977"]
[PlyCount "96"]
[EventDate "2017.04.05"]
[EventType "swiss"]
[EventRounds "11"]
[EventCountry "RSA"]
[SourceTitle "CBM 177 Extra"]
[Source "ChessBase"]
[SourceDate "2017.04.27"]
[SourceVersion "1"]
[SourceVersionDate "2017.04.27"]
[SourceQuality "1"]

1. e4 e5 2. Nf3 Nc6 3. Bc4 Bc5 4. 0-0 Nf6 5. Nc3 d6 6. h3 Be6 7. Bb3 0-0 8. d3 Qd7 9. Bg5 Nh5 10. Kh2 Nf4 11. Ng1 Ng6 12. Nce2 h6 13. Be3 Qe7 14. c3 Qh4 15. g3 Qe7 16. d4 Bxb3 17. axb3 Bb6 18. d5 Nd8 19. c4 a6 20. Bxb6 cxb6 21. Nf3 Rc8 22. Rc1 Rc7 23. Nfg1 f6 24. h4 Nh8 25. Nc3 Qd7 26. f4 Ng6 27. f5 Ne7 28. g4 Nf7 29. Nce2 Nc8 30. Nh3 Qe7 31. Nhg1 Na7 32. Nf3 Rcc8 33. Rf2 Kh7 34. h5 Rc7 35. Qd2 Rcc8 36. b4 Rc7 37. b3 Rcc8 38. Qe3 Qd8 39. Rc2 Rc7 40. Qxb6 Nc8 41. Qe3 Qe7 42. Nh4 Rg8 43. Ng6 Qd8 44. Kg1 b6 45. Qd2 Na7 46. Qe3 Nc8 47. Rc3 Qd7 48. Qd2 Na7 1-0

[Event "RSA-ch U12 Girls"]
[Site "Gauteng"]
[Date "2017.04.07"]
[Round "4"]
[White "De Beer, Janka"]
[Black "Weideman, Kayleigh"]
[Result "0-1"]
[WhiteElo "684"]
[BlackElo "977"]
[PlyCount "38"]
[EventDate "2017.04.05"]
[EventType "swiss"]
[EventRounds "11"]
[EventCountry "RSA"]
[SourceTitle "CBM 177 Extra"]
[Source "ChessBase"]
[SourceDate "2017.04.27"]
[SourceVersion "1"]
[SourceVersionDate "2017.04.27"]
[SourceQuality "1"]

1. e4 e5 2. Nf3 Nc6 3. Bc4 Bc5 4. Nc3 Nf6 5. Ng5 0-0 6. d3 d6 7. Bxf7+ Kh8 8. Be6 Qe7 9. Nd5 Nxd5 10. exd5 Bxf2+ 11. Ke2 Nd4+ 12. Kf1 Bh4+ 13. Nf3 Bxe6 14. dxe6 Nxf3 15. gxf3 Qxe6 16. Rg1 Qh3+ 17. Ke2 Qxh2+ 18. Ke3 Qf2+ 19. Ke4 Qd4# 0-1

[Event "RSA-ch U12 Girls"]
[Site "Gauteng"]
[Date "2017.04.06"]
[Round "3"]
[White "Weideman, Kayleigh"]
[Black "Pelser, Jean Marie"]
[Result "1-0"]
[WhiteElo "977"]
[BlackElo "811"]
[PlyCount "57"]
[EventDate "2017.04.05"]
[EventType "swiss"]
[EventRounds "11"]
[EventCountry "RSA"]
[SourceTitle "CBM 177 Extra"]
[Source "ChessBase"]
[SourceDate "2017.04.27"]
[SourceVersion "1"]
[SourceVersionDate "2017.04.27"]
[SourceQuality "1"]

1. d4 d5 2. e3 Bf5 3. Bd3 e6 4. f4 Nf6 5. Nf3 Bd6 6. 0-0 0-0 7. Ne5 Ne4 8. Nd2 Qh4 9. c3 Bxe5 10. fxe5 Bg4 11. Nf3 Ng5 12. Nxh4 Bxd1 13. Rxd1 Nc6 14. Rf1 Rab8 15. Nf3 Ne4 16. Nd2 f6 17. Nxe4 dxe4 18. Bxe4 fxe5 19. Bxc6 bxc6 20. Rxf8+ Rxf8 21. Bd2 exd4 22. exd4 Rb8 23. b3 Rd8 24. Re1 c5 25. Bg5 Rd5 26. Be3 cxd4 27. Bxd4 Kf7 28. Rf1+ Ke7 29. Bxg7 1-0

[Event "RSA-ch U12 Girls"]
[Site "Bloemfontein"]
[Date "2016.03.24"]
[Round "8"]
[White "Weideman, Kayleigh"]
[Black "Maasdorp, Anell"]
[Result "0-1"]
[WhiteElo "935"]
[BlackElo "1174"]
[PlyCount "54"]
[EventDate "2016.03.20"]
[EventType "swiss"]
[EventRounds "11"]
[EventCountry "RSA"]
[SourceTitle "CBM 171 Extra"]
[Source "ChessBase"]
[SourceDate "2016.04.26"]
[SourceVersion "1"]
[SourceVersionDate "2016.04.26"]
[SourceQuality "1"]

1. d4 c5 2. e3 d5 3. c3 Nc6 4. f4 Nf6 5. Bd3 c4 6. Bc2 Bg4 7. Nf3 e6 8. Nbd2 Be7 9. 0-0 0-0 10. Qe1 Nd7 11. Qg3 Bxf3 12. Nxf3 g6 13. Qh3 Re8 14. f5 exf5 15. Qg3 Kh8 16. Ne1 Bh4 17. Qh3 Qe7 18. Rf3 Bxe1 19. Qh6 Qh4 20. Qxh4 Bxh4 21. Bd2 Re7 22. Rh3 Bg5 23. Re1 h6 24. Bd1 Rae8 25. Ba4 f4 26. Bc1 Kg7 27. Rf1 fxe3 0-1

[Event "RSA-ch U12 Girls"]
[Site "Bloemfontein"]
[Date "2016.03.23"]
[Round "6"]
[White "Schonken, Christina"]
[Black "Weideman, Kayleigh"]
[Result "1-0"]
[WhiteElo "1097"]
[BlackElo "935"]
[PlyCount "54"]
[EventDate "2016.03.20"]
[EventType "swiss"]
[EventRounds "11"]
[EventCountry "RSA"]
[SourceTitle "CBM 171 Extra"]
[Source "ChessBase"]
[SourceDate "2016.04.26"]
[SourceVersion "1"]
[SourceVersionDate "2016.04.26"]
[SourceQuality "1"]

1. f4 f5 2. Nf3 e6 3. e3 Nf6 4. Nc3 Be7 5. Bd3 0-0 6. b3 b6 7. Bb2 Bb7 8. Qe2 Ne4 9. 0-0-0 Bd6 10. Nb5 Bc5 11. Bd4 Bb4 12. c3 Be7 13. h3 Ng3 14. Qe1 Nxh1 15. Qxh1 Rf7 16. Ne5 Rf8 17. Qg1 a6 18. Rf1 axb5 19. Bxb5 Rxa2 20. Rd1 Na6 21. g4 Nb4 22. gxf5 Rxf5 23. Nc6 Qf8 24. Nxb4 Ra3 25. Bxd7 Raa5 26. Nc2 Ra2 27. b4 Kh8 1-0

[Event "RSA-chT U12"]
[Site "Cape Town"]
[Date "2016.01.06"]
[Round "5.10"]
[White "Weideman, Kayleigh"]
[Black "Hardy, Noah"]
[Result "0-1"]
[WhiteElo "931"]
[BlackElo "1107"]
[PlyCount "40"]
[EventDate "2016.01.04"]
[EventType "team-tourn"]
[EventRounds "7"]
[EventCountry "RSA"]
[SourceTitle "CBM 170 Extra"]
[Source "ChessBase"]
[SourceDate "2016.02.25"]
[SourceVersion "1"]
[SourceVersionDate "2016.02.25"]
[SourceQuality "1"]
[WhiteTeam "Ekurhuleni"]
[BlackTeam "Western Province"]
[WhiteTeamCountry "RSA"]
[BlackTeamCountry "RSA"]

1. d4 d5 2. e3 Bf5 3. Bd3 Bg6 4. f4 e6 5. Nf3 Nc6 6. c3 Bh5 7. Nbd2 Nf6 8. 0-0 Bd6 9. Qe1 Ne7 10. Ne5 Ng4 11. Ndf3 0-0 12. Qh4 Nf6 13. Ng5 h6 14. Nh7 Nxh7 15. Bxh7+ Kxh7 16. Qxh5 g6 17. Qh4 Nf5 18. Qh3 Qh4 19. Nf3 Qxh3 20. gxh3 f6 0-1

[Event "RSA-ch U10 Girls"]
[Site "Waterkloof"]
[Date "2015.04.09"]
[Round "9"]
[White "Dheda, Bianca"]
[Black "Weideman, Kayleigh"]
[Result "0-1"]
[WhiteElo "837"]
[BlackElo "782"]
[PlyCount "70"]
[EventDate "2015.04.04"]
[EventType "swiss"]
[EventRounds "9"]
[EventCountry "RSA"]
[SourceTitle "CBM 166 Extra"]
[Source "ChessBase"]
[SourceDate "2015.06.18"]
[SourceVersion "1"]
[SourceVersionDate "2015.06.18"]
[SourceQuality "1"]

1. e4 e5 2. Nf3 Nc6 3. Bc4 Bc5 4. c3 d6 5. d4 Bb6 6. h3 Nf6 7. 0-0 Be6 8. Bb3 Nxe4 9. dxe5 dxe5 10. Qxd8+ Rxd8 11. Rd1 Bxf2+ 12. Kf1 Rxd1+ 13. Bxd1 Bc4+ 14. Be2 Na5 15. Nxe5 Ba6 16. Nd2 Nxd2+ 17. Bxd2 Bb6 18. Bxa6 bxa6 19. Re1 0-0 20. Nd7 Rd8 21. Nxb6 axb6 22. b4 Nc4 23. Bf4 c6 24. a4 c5 25. bxc5 b5 26. axb5 axb5 27. c6 Nb6 28. c7 Ra8 29. Re7 Ra1+ 30. Kf2 Kf8 31. Rd7 Ke8 32. Rd6 Nc8 33. Rb6 Nxb6 34. Be3 Ra2+ 35. Kg1 Nc8 0-1

[Event "RSA-ch U10 Girls"]
[Site "Waterkloof"]
[Date "2015.04.08"]
[Round "8"]
[White "Weideman, Kayleigh"]
[Black "Wolmarans, Marli"]
[Result "0-1"]
[WhiteElo "782"]
[BlackElo "715"]
[PlyCount "64"]
[EventDate "2015.04.04"]
[EventType "swiss"]
[EventRounds "9"]
[EventCountry "RSA"]
[SourceTitle "CBM 166 Extra"]
[Source "ChessBase"]
[SourceDate "2015.06.18"]
[SourceVersion "1"]
[SourceVersionDate "2015.06.18"]
[SourceQuality "1"]

1. d4 d5 2. e3 e6 3. Bd3 c6 4. a3 f5 5. f4 Bd6 6. Nf3 Nf6 7. Nbd2 0-0 8. c3 Nbd7 9. h3 b6 10. Rg1 Bb7 11. g4 g6 12. g5 Nh5 13. Ne5 Qe7 14. Ndf3 Kh8 15. Nh4 Qg7 16. Nhf3 Rf7 17. Nd2 Raf8 18. Nxf7+ Qxf7 19. Nf1 e5 20. Qf3 e4 21. Qe2 exd3 22. Qxd3 Nxf4 23. Qd2 Nxh3 24. Rh1 Nxg5 25. Qf2 Ne4 26. Qh4 f4 27. exf4 Bxf4 28. Bxf4 g5 29. Qh5 gxf4 30. Qh4 f3 31. Ng3 f2+ 32. Ke2 Qf3+ 0-1

[Event "RSA-ch U10 Girls"]
[Site "Waterkloof"]
[Date "2015.04.06"]
[Round "4"]
[White "Weideman, Kayleigh"]
[Black "Louw, Danial"]
[Result "0-1"]
[WhiteElo "782"]
[BlackElo "1026"]
[PlyCount "58"]
[EventDate "2015.04.04"]
[EventType "swiss"]
[EventRounds "9"]
[EventCountry "RSA"]
[SourceTitle "CBM 166 Extra"]
[Source "ChessBase"]
[SourceDate "2015.06.18"]
[SourceVersion "1"]
[SourceVersionDate "2015.06.18"]
[SourceQuality "1"]

1. d4 Nf6 2. e3 e6 3. Bd3 Nc6 4. f4 a6 5. Nf3 g6 6. Nbd2 Bg7 7. 0-0 Ng4 8. Qe1 0-0 9. Ne5 Ncxe5 10. fxe5 b5 11. h3 Nh6 12. c3 Bb7 13. h4 d6 14. h5 dxe5 15. hxg6 hxg6 16. Qg3 exd4 17. exd4 Qd6 18. Qg5 Rfe8 19. Rxf7 Nxf7 20. Qxg6 Kf8 21. b4 e5 22. Qg3 exd4 23. Qf2 dxc3 24. Bh7 Bd4 25. Nf3 Bxf2+ 26. Kxf2 Bxf3 27. gxf3 Qh2+ 28. Kf1 Re2 29. Be4 Qf2# 0-1

[Event "RSA-ch U10 Girls"]
[Site "Waterkloof"]
[Date "2015.04.04"]
[Round "1"]
[White "Joubert, Natasha"]
[Black "Weideman, Kayleigh"]
[Result "1-0"]
[WhiteElo "988"]
[BlackElo "782"]
[PlyCount "57"]
[EventDate "2015.04.04"]
[EventType "swiss"]
[EventRounds "9"]
[EventCountry "RSA"]
[SourceTitle "CBM 166 Extra"]
[Source "ChessBase"]
[SourceDate "2015.06.18"]
[SourceVersion "1"]
[SourceVersionDate "2015.06.18"]
[SourceQuality "1"]

1. e4 e5 2. Nf3 Nc6 3. d4 Nf6 4. Bg5 h6 5. Bh4 Be7 6. dxe5 Nxe4 7. Bxe7 Qxe7 8. Qd5 Nf6 9. Qb5 a6 10. Qe2 Qb4+ 11. c3 Qf4 12. exf6+ Kd8 13. Qd3 Re8+ 14. Be2 Qc1+ 15. Qd1 Qxb2 16. Nbd2 Qxc3 17. fxg7 Qxg7 18. 0-0 Rg8 19. Nh4 Qg5 20. Ndf3 Qg4 21. Rc1 Ne5 22. Nxe5 Qxh4 23. Nxf7+ Ke8 24. Bh5 Qh3 25. Ng5+ Qxh5 26. Qxh5+ Kd8 27. Qxh6 b5 28. Qf6+ Ke8 29. Rfe1# 1-0